000 00455nas a2200169 a 4500
001 156175
003 250610
005 20201118123421.0
008 170503e2017 ve ||||||||| 000 0 spa d
041 _aspa
245 0 _aReforma y democracia - No.67 (feb. 2017)
260 _aVenezuela :
_c2017.
562 _e10
773 _024637
_aReforma y democracia
942 _cSISS
999 _c156175
_d156175